| 000 | 00630nam a2200193Ia 4500 | ||
|---|---|---|---|
| 003 | GCL | ||
| 008 | 140319s9999 xx 000 0 ara d | ||
| 040 |
_aGCL / _cGCL |
||
| 082 | 0 | 4 |
_a245 _bح ج |
| 100 | 1 | _aحسنى صادق | |
| 245 | 1 | 0 |
_aجذور الفتنة فى الفرق الاسلامية منذ عهد الرسول حتى اغتيال السادات / _cحسنى صادق |
| 260 |
_a[S.N] : _bمكتبة مدبولى ، _c1993 |
||
| 300 | _a603 ص | ||
| 490 | _a | ||
| 650 | 0 | 4 | _aالفرق الاسلامية |
| 650 | 0 | 4 | _aالفرق الدينية |
| 650 | 0 | 4 | _aالاخوان المسلمون |
| 942 |
_2ddc _cBK |
||
| 999 |
_c47397 _d47397 |
||